Städte mit den meisten Wolkenkratzern mit Hinweisen - Statistiken

Allgemein
  • Dieses Quiz wurde 32 mal gespielt
  • Das Durchschnittsergebnis liegt bei 19 aus 30
Antwortstatistiken
Land Anzahl Antwort % Korrekt
USA 300 New York City
100%
JPN 164 Tokio
100%
THA 108 Bangkok
97%
KOR 82 Seoul
97%
SGP 96 Singapur
97%
CHN 51 Peking
90%
CHN 180 Shanghai
90%
USA 131 Chicago
86%
CAN 76 Toronto
86%
MYS 105 Kuala Lumpur
83%
PHL 215 Manila
79%
IND 79 Mumbai
79%
CHN 517 Hongkong
76%
AUS 67 Melbourne
72%
CHN 151 Guangzhou
66%
IDN 108 Jakarta
66%
PAN 65 Panama-Stadt
66%
ARE 237 Dubai
59%
KOR 74 Busan
52%
CHN 112 Wuhan
48%
USA 55 Miami
45%
CHN 342 Shenzhen
41%
CHN 93 Chengdu
34%
CHN 134 Chongqing
34%
CHN 66 Nanjing
31%
KOR 50 Incheon
28%
CHN 64 Tianjin
28%
CHN 94 Shenyang
21%
CHN 64 Nanning
17%
CHN 52 Changsha
10%
Keine übereinstimmenden Quizze gefunden
Verteilung der Resultate
Anzahl Personen mit jedem Resultat
Perzentil nach korrekt beantworteten Fragen
Ihre Resultats-Entwicklung
Sie haben dieses Quiz noch nicht gespielt